Mujeres y prácticas curativas tradicionales = Women and traditional healing practices /
Con este artículo, se pretende dar a conocer las concepciones de las prácticas curativas populares que poseen las usuarias que asisten a los Equipos Básicos de Atención Integral en Salud (EBAIS) en Lourdes de Montes de Oca, San Juan, San Diego y Concepción; con el interés de rescatar la labor que de...
Guardado en:
| Autor principal: | |
|---|---|
| Formato: | Texto |
| Materias: | |
| Etiquetas: |
Agregar Etiqueta
Sin Etiquetas, Sea el primero en etiquetar este registro!
|
MARC
| LEADER | 00000 a a2200000 04500 | ||
|---|---|---|---|
| 001 | 44450 | ||
| 003 | |||
| 040 | |||
| 100 | |a Zapparoli Zecca, Mayra | ||
| 245 | |a Mujeres y prácticas curativas tradicionales = |b Women and traditional healing practices / |c Mayra Zapparoli Zecca | ||
| 520 | |a Con este artículo, se pretende dar a conocer las concepciones de las prácticas curativas populares que poseen las usuarias que asisten a los Equipos Básicos de Atención Integral en Salud (EBAIS) en Lourdes de Montes de Oca, San Juan, San Diego y Concepción; con el interés de rescatar la labor que desempeñan las mujeres como cuidadoras de la salud. | ||
| 590 | |a RRH/ABRIL2013 | ||
| 650 | |a 1.SALUD | ||
| 650 | |a 2.CULTURA | ||
| 650 | |a 3.CONOCIMIENTO | ||
| 650 | |a 4.TRADICION | ||
| 650 | |a 5.MUJERES | ||
| 650 | |a 6.ANTROPOLOGIA | ||
| 773 | |g volumen91, número2 ( , 2012), páginas 107-119 | ||
| 999 | |c 34712 |d 34712 | ||
